| 000 | 00735 a2200217 4500 | ||
|---|---|---|---|
| 010 | _aENG-85309 | ||
| 020 |
_a8189233467 _c450.00 |
||
| 035 | _aEN-68842 | ||
| 037 | _bD.B.Act / Pub | ||
| 082 | 1 | 4 | _a230.61 |
| 090 |
_c2022 _d2022 |
||
| 100 | 1 | _aSher, Syed Osman | |
| 245 | 1 |
_aReligion, God, and Islam _cby Syed Osman Sher. |
|
| 260 |
_aNew Delhi : _bRegency Publications, _c2006. |
||
| 270 |
_a20/36-G, West Patel Nagar _bNew Delhi _e110 008 _k011-42484101, 011-65462898 _l011-25884571 _mregency@satyam.net.in |
||
| 300 |
_ax, 188 p. _c22 cm. (Pbk.) |
||
| 650 | 0 | _aGod (Islam) | |
| 650 | 0 | _aReligions. | |
| 942 |
_adpl _cEN _k230.61 / SYE |
||
| 999 |
_c1988 _d1988 |
||